000
00306nam a22001457a 4500
003
SGT
020
_a
978-93-81390-30-61
082
_a
574
_b
B16R
100
_a
RANDHAWA,S.S
245
_a
BIOLOGICAL SCIENCE
260
_a
JALANDHAR
_b
S.VIKAS
_c
2016
300
_a
663
650
_a
PHARMACY
942
_2
ddc
_c
BK
999
_c
11064
_d
11064